| 000 | 01264nam a22003374 4500 | ||
|---|---|---|---|
| 001 | 197903 | ||
| 003 | ES-MaACL | ||
| 005 | 20251122063148.0 | ||
| 008 | 251028s2005 sp | 001 0|spa d | ||
| 017 |
_aB 40216-2005 _bOficina Depósito Legal Barcelona |
||
| 020 | _a84-344-6793-3 | ||
| 040 |
_aES-MaACL _bspa _cES-MaACL _erdc |
||
| 080 | _a94(460)"0414/1474" | ||
| 245 | 0 | 0 |
_aEdad Media : _bhistoria de España / _cVicente Ángel Álvarez Palenzuela (coord.) |
| 250 | _a1ª edición : noviembre 2005 | ||
| 264 | 1 |
_aBarcelona : _bAriel, _c[2005] |
|
| 264 | 4 | _a©2005 | |
| 300 |
_aXXVII, 915 páginas : _bmapas ; _c25 cm |
||
| 336 |
_2rdacontent _atexto |
||
| 337 |
_2rdamedia _asin mediación |
||
| 338 |
_2rdacarrier _avolumen |
||
| 490 | 0 | _aAriel historia | |
| 504 | _aIncluye referencias bibliográficas e índices | ||
| 651 | 4 |
_aEspaña- _xHistoria- _y0414-1474, Edad media _98214 |
|
| 700 | 1 |
_aAlvarez Palenzuela, Vicente Angel _920902 _epbd |
|
| 852 |
_aES-MaACL _cDEPO1 _jA-15830 _hDonación: José Lázaro García _xEncuadernación cartoné _9206935 |
||
| 942 |
_cMONOGRAFIA _n0 |
||
| 999 |
_c197903 _d197903 |
||